01202nab a22002417a 4500999001500000003000400015005001700019008004100036040000700077100002600084245020600110260007200316300001300388500003500401505017900436505008900615650002300704650002400727650004200751650002600793773012800819942001300947 c5502d5502OSt20251209144012.0190502c xxu||||| |||| 00| 0 spa d cPJ 96495aFrega, Leonardo10aCoyuntura de los jóvenes en conflicto con la ley de la Ciudad Autónoma de Buenos Aires durante el 2024. Vínculo y alcance del actual proyecto de ley del régimen penal juvenil /cLeonardo Frega. aCiudad Autónoma de Buenos Aires :bThomson Reuters La Ley,c2025. ap. 31-52 aCita Online: AR/DOC/2135/2025. aSumario: I. Introducción.— II. Análisis estadístico del 2024 en la CABA.— III. El proyecto de ley penal juvenil (INLEG-2024-73985365-APN-PTE).— IV. Conclusiones.  t¿Te interesa el texto completo? Solicitalo al correo: koha@justierradelfuego.gov.ar 09343aDERECHO PENAL 092348aPROCESO PENAL 092730aRÉGIMEN PENAL DE LA MINORIDAD 094193aPROYECTO DE LEY0 0272993180dBuenos Aires : LexisNexis, 2006-tRevista de derecho penal y procesal penal. Nº 10 - Octubre 2025z9875920622 2udccANA